| 000 | 00830 a2200265 4500 | ||
|---|---|---|---|
| 001 | 200002388 | ||
| 003 | TR-AnTOB | ||
| 005 | 20240905134632.0 | ||
| 008 | 110721s2010 tu 000 0 | ||
| 020 | _a9789752673250 | ||
| 040 |
_aTR-AnTOB _cTR-AnTOB |
||
| 041 | _atur | ||
| 050 |
_aDR476 _bD85 2010 |
||
| 090 | _aDR476.D85 2010 | ||
| 100 |
_aDuman, Ömer _971487 |
||
| 245 | 0 |
_aEmperyal bir araç olarak Rum-Pontus sorunu (1908-1918) _cDr. Ömer Duman. |
|
| 264 | 1 |
_aAnkara : _bBerikan Yayınevi, _c2010. |
|
| 300 |
_avi, 194 s.: _c24 cm. |
||
| 650 | 7 |
_aYunanlılar _zTürkiye _xTarih _y20. yüzyıl _2etuturkob _912751 |
|
| 651 | 0 |
_aTurkey _xHistory _yRevolution, 1918-1923 _941590 |
|
| 651 | 7 |
_aKaradeniz Sahili (Türkiye) _xTarih _2etuturkob _989895 |
|
| 651 | 7 |
_aPontus _xTarih _2etuturkob _913779 |
|
| 942 |
_cBK _2lcc |
||
| 999 |
_c200002388 _d16496 |
||